000 00343nas a2200157 a 4500
001 74221
003 148737
005 20201118111211.0
008 ||||||n9999 ||| || ||
245 0 _aTime - Vol.155 No.2
260 _aEstados Unidos :
562 _e1
773 _021966
_aTime
942 _cSISS
999 _c74221
_d74221